[Event "RSA-ch U10 Girls"]
[Site "Bloemfontein"]
[Date "2016.03.25"]
[Round "10"]
[White "Terblanche, Annika"]
[Black "Stokes, Jody"]
[Result "1-0"]
[WhiteElo "557"]
[BlackElo "770"]
[PlyCount "34"]
[EventDate "2016.03.20"]
[EventType "swiss"]
[EventRounds "11"]
[EventCountry "RSA"]
[SourceTitle "CBM 171 Extra"]
[Source "ChessBase"]
[SourceDate "2016.04.26"]
[SourceVersion "1"]
[SourceVersionDate "2016.04.26"]
[SourceQuality "1"]

1. e4 e5 2. Nf3 Nc6 3. Nc3 Nf6 4. Bc4 h6 5. 0-0 Bc5 6. d3 d6 7. Be3 Bg4 8. Bxc5 Nd4 9. Bxd4 exd4 10. Nb5 0-0 11. Nbxd4 Nd7 12. h3 Bh5 13. Bd5 Ne5 14. g4 Nxf3+ 15. Qxf3 Qg5 16. Bxb7 Rab8 17. Kh1 Bg6 1-0

[Event "RSA-ch U10 Girls"]
[Site "Bloemfontein"]
[Date "2016.03.20"]
[Round "1"]
[White "Du Toit, Evane"]
[Black "Stokes, Jody"]
[Result "1-0"]
[WhiteElo "1008"]
[BlackElo "770"]
[PlyCount "47"]
[EventDate "2016.03.20"]
[EventType "swiss"]
[EventRounds "11"]
[EventCountry "RSA"]
[SourceTitle "CBM 171 Extra"]
[Source "ChessBase"]
[SourceDate "2016.04.26"]
[SourceVersion "1"]
[SourceVersionDate "2016.04.26"]
[SourceQuality "1"]

1. e4 e5 2. Bc4 Qf6 3. Nc3 Bc5 4. Nf3 g5 5. h3 Nh6 6. Nd5 Qc6 7. Nxg5 Qa4 8. Nxc7+ Kd8 9. Nxa8 Qxc4 10. d3 Qd4 11. Be3 Bb4+ 12. c3 Bxc3+ 13. bxc3 Qxc3+ 14. Bd2 Qxd3 15. Qc2 Nc6 16. h4 Nd4 17. Qc7+ Ke8 18. Qxc8+ Ke7 19. Qc5+ d6 20. Qc7+ Kf8 21. Qxd6+ Kg7 22. Qxe5+ f6 23. Qe7+ Kg6 24. h5# 1-0